| 000 | 00499cam a22001217a 4500 | ||
|---|---|---|---|
| 008 | 180718bn.d. xxu||||| |||| 00| 0 eng d | ||
| 082 | _aA81x54 In2/71/17/PT10A&B/K | ||
| 100 | _aCensus of India 1971 | ||
| 245 | _aPunjab district census handbook, Kapurthala: village and town directory, village and townwise primary census abstract | ||
| 260 |
_aChandigarh _bThe Controller, Printing & Stationery Department _cn.d. |
||
| 300 | _a133+p. | ||
| 440 | _aCensus of India 1971, Series-17, Punjab. Part X-A & B | ||
| 999 |
_c483234 _d483234 |
||